| 000 | 00686nam a2200169Ia 4500 | ||
|---|---|---|---|
| 008 | 110201s9999 xx 000 0 und d | ||
| 082 |
_bB9132 _aKS 1388 |
||
| 100 | _aबोरकर लक्ष्मीदास | ||
| 245 | _aखुनी नंदकिशोरी आणि इतर कथा | ||
| 260 | _bसायली प्रकाशन | ||
| 365 | _b210 | ||
| 600 | _aबोरकर लक्ष्मीदास | ||
| 630 | _aखुनी नंदकिशोरी आणि इतर कथा | ||
| 700 | _aबोरकर लक्ष्मीदास | ||
| 730 | _aखुनी नंदकिशोरी आणि इतर कथा | ||
| 942 | _cBOOK | ||
| 999 |
_c834587 _d834584 |
||